ბათუმის შოთა რუსთაველის სახელმწიფო უნივერსიტეტის ბიბლიოთეკა

საქართველოს პირველი რესპუბლიკის კონსტიტუცია (1921) : (ბიბ.ჩანაწერი № 55593)

000 -ლიდერი
ფიქსირებული სიგრძის საკონტროლო ველი 02169nam a2200313Ia 4500
001 - საკონტროლო ნომერი
საკონტროლო ველი 22688
003 - საკონტროლო ნომრის იდენტიფიკატორი
საკონტროლო ველი GE_BSU
005 - ბოლო ოპერაციის თარიღი და დრო
საკონტროლო ველი 20230418145623.0
008 - ფიქსირებული სიგრძის მონაცემთა ელემენტები - ზოგადი ინფორმაცია
ფიქსირებული სიგრძის საკონტროლო ველი 181216s2018||||ge |||||||||||||| ||geo||
020 ## - წიგნის საერთაშორისო სტანდარტული ნომერი
International Standard Book Number 97899410818669(ორივე ტომის)9789941278624(მეორე ტომის)
040 ## - კატალოგიზაციის წყარო
Transcribing agency GE_BSU
041 ## - ენის კოდი
Language code of text/sound track or separate title geo
080 ## - უნივერსალური ათობითი კლასიფიკაციის ინდექსი
Universal Decimal Classification number 342.4(479.22) ს-32
245 ## - ცნობა სათაურის შესახებ
Title საქართველოს პირველი რესპუბლიკის კონსტიტუცია (1921) :
Remainder of title მასალები და დოკუმენტები ტ. 2 /
Statement of responsibility, etc რედაქტორები: ემზარ ჯგერენაია, თეა კენჭოშვილი ; შემდგენლები : ხათუნა დავითური, მარინა ალანია, ნანო ომანაძე [და სხვ.].
264 ## - წარმოების, გამოცემის, დისტრიბუციის და სხვა ცნობები
გამოცემის, წარმოების, დისტრიბუციის... ადგილი თბილისი :
გამოცემის, წარმოების, დისტრიბუციის... სახელწოდება საქ. პარლამენტის ეროვნული ბიბლიოთეკა,
გამოცემის, წარმოების, დისტრიბუციის... თარიღი 2018.
300 ## - ფიზიკური აღწერა
Extent 1007გვ. ;
Dimensions 23 სმ.
500 ## - ზოგადი შენიშვნა
General note ეძღვნება ისიდორე დოლიძის დაბადებიდან 100 წლის იუბილეს
501 ## - შენიშვნა თანმხლებ მასალაზე
With note ადგილთა საძ. გვ. : 992-998
501 ## - შენიშვნა თანმხლებ მასალაზე
With note ლექსიკონი გვ. : 999-1007992-998
653 ## - INDEX TERM--UNCONTROLLED
Uncontrolled term კონსტიტუცია
653 ## - INDEX TERM--UNCONTROLLED
Uncontrolled term სამართალი
653 ## - INDEX TERM--UNCONTROLLED
Uncontrolled term საქართველოს პირველი რესპუბლიკის კონსტიტუცია (1921)
653 ## - INDEX TERM--UNCONTROLLED
Uncontrolled term მასალები და დოკუმენტები ტ. 2
700 ## - ADDED ENTRY--PERSONAL NAME
Personal name ჯგერენაია, ემზარ
Relator term რედაქტორი
9 (RLIN) 17660
700 ## - ADDED ENTRY--PERSONAL NAME
Personal name კენჭოშვილი, თეა
Relator term რედაქტორი
9 (RLIN) 7907
710 ## - ADDED ENTRY--CORPORATE NAME
Corporate name or jurisdiction name as entry element საქ. პარლამენტის ეროვნული ბიბლიოთეკა
Subordinate unit სამოქალაქო განათლების განყოფილება
9 (RLIN) 17663
942 ## - ADDED ENTRY ELEMENTS (KOHA)
Koha item type წიგნი
Source of classification or shelving scheme
ეგზემპლარები
ჩამოწერის სტატუსი დაკარგული ეგზემპლარის სტატუსი კლასიფიკაციის წყარო ან თაროზე გაწყობის სქემა დაზიანების სტატუსი არ გაიცემა მუდმივი მდებარეობა (დაცვის ადგილი) ამჟამინდელი ადგილსამყოფელი თაროზე განთავსების ადგილი შეძენის თარიღი ღირებულება, შესყიდვის ნორმალური ფასი სრული შენახვის შიფრი შტრიხკოდი ბოლო ოპერაციის თარიღი ეგზემპლარის მიმდევრობითი ნომერი (კეტერი?) ფასის ძალაში შესვლის თარიღი ეგზემპლარის სახეობა საჯარო შენიშვნა
          ბათუმის შოთა რუსთაველის სახელმწიფო უნივერსიტეტის მთავარი ბიბლიოთეკა ბათუმის შოთა რუსთაველის სახელმწიფო უნივერსიტეტის მთავარი ბიბლიოთეკა წიგნსაცავი 2018-12-17 10.00 342.4(479.22) ს-32 58092 2018-12-17 58092 2018-12-17 წიგნი 10.00 ₾.
          ბათუმის შოთა რუსთაველის სახელმწიფო უნივერსიტეტის მთავარი ბიბლიოთეკა ბათუმის შოთა რუსთაველის სახელმწიფო უნივერსიტეტის მთავარი ბიბლიოთეკა წიგნსაცავი 2018-12-17 10.00 342.4(479.22) ს-32 58093 2018-12-17 58093 2018-12-17 წიგნი 10.00 ₾.